| 000 | 00395cam a22001457a 4500 | ||
|---|---|---|---|
| 008 | 180718b2004 xxu||||| |||| 00| 0 eng d | ||
| 020 | _a8125026207 | ||
| 082 | _aT108 D799 | ||
| 100 | _aDrazen, Allan | ||
| 245 |
_aPolitical economy in macroeconomics _cby Allan Drazen |
||
| 260 |
_aNew Delhi _bOrient Longman _c2004 |
||
| 300 | _a775p. | ||
| 650 | _aEconomic reforms | ||
| 650 | _aMacroeconomics | ||
| 999 |
_c402341 _d402341 |
||